[Event "Cappelle op"]
[Site "Cappelle la Grande"]
[Date "1994.??.??"]
[Round "5"]
[White "Velikhanli, Firuza"]
[Black "Rytshagov, Mikhail"]
[Result "1/2-1/2"]
[WhiteElo "2315"]
[BlackElo "2470"]

1.e4 c5 2.Nf3 e6 3.Nc3 a6 4.d4 cxd4 5.Nxd4 d6 6.Be2 Nf6 7.O-O Be7 8.f4 O-O
9.Kh1 Qc7 10.a4 Nc6 11.Be3 Re8 12.Qe1 Nxd4 13.Bxd4 e5 14.fxe5 dxe5 15.Qg3 Bd8
16.Be3 Be6 17.Rad1 Kh8 18.Bg5 Ng8 19.Rd2 Bxg5 20.Qxg5 Rad8 21.Rfd1 Rxd2 22.Qxd2 Rc8
23.Qd6 Qxd6 24.Rxd6 Nf6 25.Bd3 h6 26.Kg1 Kg8 27.Rb6 Rc7 28.a5 Kf8 29.Rb4 Ke7
30.Na4 Nd7 31.Nb6 g6  1/2-1/2

[Event "Catania op"]
[Site "Cattolica"]
[Date "1994.??.??"]
[Round "1"]
[White "Caruso, Augusto"]
[Black "Forintos, Gyozo V"]
[Result "0-1"]
[WhiteElo "2245"]
[BlackElo "2450"]

1.e4 c5 2.Nf3 e6 3.d4 cxd4 4.Nxd4 a6 5.Nc3 Qc7 6.g3 Nc6 7.Bg2 Nf6 8.O-O Nxd4
9.Qxd4 Bc5 10.Bf4 d6 11.Qd2 h6 12.Rad1 e5 13.Be3 Bg4 14.f3 Be6 15.Kh1 Ke7
16.f4 Bb4 17.fxe5 dxe5 18.Rxf6 Kxf6 19.Qf2+ Ke7 20.Nd5+ Bxd5 21.exd5 Bd6
22.Bb6 Qc8 23.Rc1 Qc4 24.b3 Qc3 25.Rf1 Raf8 26.Bh3 f5 27.Qe2 g6 28.Rd1 Ra8
29.Rd2 Kf6 30.Bd4 Qc7 31.Bb2 b5 32.g4 f4 33.g5+ hxg5 34.Bc8 Qxc8 35.c4 Qf5
36.Qf2 Qb1+ 37.Kg2 Qe4+ 38.Kg1 Bc5 39.Qxc5 Qe1+  0-1

[Event "CZE-ch (Women)"]
[Site "Chrudim"]
[Date "1994.??.??"]
[Round "2"]
[White "Houskova, M."]
[Black "Palkova, H."]
[Result "1/2-1/2"]
[WhiteElo "1890"]
[BlackElo "1985"]

1.e4 c5 2.Nf3 e6 3.d4 cxd4 4.Nxd4 a6 5.Nc3 Qc7 6.a3 Nf6 7.Be3 Be7 8.Bd3 d6
9.O-O Nbd7 10.f3 O-O 11.Qe1 Ne5 12.Kh1 b5 13.f4 Nc4 14.Bxc4 bxc4 15.Rd1 Bb7
16.Bc1 Rac8 17.Rf3 d5 18.e5 Ne4 19.Rh3 Ba8 20.Nce2 Bd8  1/2-1/2

[Event "Copenhagen op16"]
[Site "Copenhagen"]
[Date "1994.??.??"]
[Round "1"]
[White "Molvig, Henrik"]
[Black "Emms, John M"]
[Result "0-1"]
[WhiteElo "2240"]
[BlackElo "2525"]

1.e4 c5 2.Nf3 e6 3.d4 cxd4 4.Nxd4 a6 5.Nc3 Qc7 6.Bd3 Nf6 7.O-O Bc5 8.Be3 d6
9.Qe2 Nbd7 10.a4 b6 11.f4 Bb7 12.Kh1 O-O 13.Bg1 Rfe8 14.Rad1 e5 15.fxe5 Rxe5
16.Rf5 Rxf5 17.Nxf5 Bxg1 18.Kxg1 g6 19.Ne7+ Kf8 20.Ned5 Bxd5 21.Nxd5 Nxd5
22.exd5 a5 23.Bb5 Ne5 24.h3 Kg7 25.Qf2 Rf8 26.c3 h6 27.Qd4 f5 28.Rf1 g5 29.Bd3 f4
30.Qe4 Kh8 31.Kh1 Rf7 32.Qd4 Kg8 33.Be2 Kg7 34.Bd3 Qc5 35.Be2 Rc7 36.Qe4 Re7
37.Bh5 Qc4 38.Re1 Qxe4 39.Rxe4 Kf6 40.b4 Rc7 41.Re1 Rxc3 42.Rb1 Nd3 43.bxa5 bxa5
44.Rb6 Ke5 45.Be2 Nf2+ 46.Kg1 Ne4 47.Ra6  0-1

[Event "Cordoba op"]
[Site "Cordoba"]
[Date "1994.??.??"]
[Round "3"]
[White "Dimitrov, Vladimir"]
[Black "Sion Castro, Marcelino"]
[Result "1/2-1/2"]
[WhiteElo "2475"]
[BlackElo "2380"]

1.e4 c5 2.Nf3 e6 3.Nc3 a6 4.d4 cxd4 5.Nxd4 Qc7 6.Be2 Nc6 7.O-O Nf6 8.Be3 Bb4
9.Na4 b5 10.Nxc6 dxc6 11.Bc5 bxa4 12.Bxb4 c5 13.Ba3 Nxe4 14.Bf3 Bb7 15.Qe2 Nd6
16.Bxb7 Nxb7 17.Qg4 O-O 18.Qxa4 Nd6 19.b3 Nb5 20.Bb2 c4 21.bxc4 Nd6 22.c5 Qxc5
23.Ba3 Qc7 24.Rfd1 Rfd8 25.Qf4 Nb5 26.Qxc7 Nxc7 27.c4 Ne8 28.Rac1 f6 29.Kf1 Kf7
30.f4 Rac8 31.Rxd8 Rxd8 32.Ke2 e5 33.g3 Ke6 34.Ke3 Nd6 35.Bxd6 Rxd6 36.fxe5 Kxe5
37.Rc3 Rc6 38.Ra3 Rxc4 39.Ra5+ Ke6 40.Rxa6+ Ke5 41.Ra5+ Kd6 42.Kd3 Rg4 43.Rf5  1/2-1/2

[Event "Cordoba op"]
[Site "Cordoba"]
[Date "1994.??.??"]
[Round "3"]
[White "Garbisu, Unai"]
[Black "Adla, Diego"]
[Result "1-0"]
[WhiteElo "2295"]
[BlackElo "2430"]

1.e4 c5 2.Nf3 e6 3.d4 cxd4 4.Nxd4 a6 5.Nc3 Qc7 6.Bd3 Nc6 7.Nb3 Nf6 8.f4 d6
9.Be3 b5 10.g4 b4 11.Na4 Nd7 12.Qe2 Bb7 13.O-O-O Be7 14.g5 O-O 15.h4 Na5
16.Kb1 d5 17.exd5 Bxd5 18.Rhg1 Bc6 19.Bd4 Bxa4 20.Bxh7+ Kxh7 21.Qh5+ Kg8
22.Bxg7  1-0

[Event "Cordoba op"]
[Site "Cordoba"]
[Date "1994.??.??"]
[Round "5"]
[White "Hansen, Sune Berg"]
[Black "Forintos, Gyozo V"]
[Result "1-0"]
[WhiteElo "2440"]
[BlackElo "2450"]

1.e4 c5 2.Nf3 e6 3.d4 cxd4 4.Nxd4 a6 5.Nc3 Qc7 6.Be2 b5 7.O-O Bb7 8.Bf3 d6
9.a4 bxa4 10.Rxa4 Nd7 11.Bh5 g6 12.Bf3 Be7 13.Re1 h5 14.h3 Kf8 15.Nb3 Nb6
16.Ra2 e5 17.Na5 Bc8 18.Nd5 Nxd5 19.Qxd5 Ra7 20.Qd3 Be6 21.b3 Nf6 22.c4 Kg7
23.b4 Raa8 24.Bd2 Nd7 25.Rc1 Rhc8 26.Rac2 Qb6 27.Rb2 Rab8 28.Be2 Qa7 29.Ra1 Qa8
30.Qe3 Bd8 31.Ra3 Kg8 32.Rc2 Bb6 33.Qf3 Rc7 34.Bd3 Rbc8 35.Qe2 d5 36.c5 Nxc5
37.bxc5 Bxc5 38.Raa2 f5 39.exf5 e4 40.fxe6 exd3 41.Qxd3 Qa7 42.Bf4 Re7 43.Nb3 Kh7
44.Rxa6 Qb7 45.Nxc5 Qb1+ 46.Rc1  1-0

[Event "Cordoba op"]
[Site "Cordoba"]
[Date "1994.??.??"]
[Round "5"]
[White "Ayas, Antonio"]
[Black "Urday, Henry"]
[Result "0-1"]
[WhiteElo "2310"]
[BlackElo "2470"]

1.e4 c5 2.Nf3 e6 3.Nc3 a6 4.d4 cxd4 5.Nxd4 Qc7 6.g3 Bb4 7.Ne2 Nf6 8.Bg2 Be7
9.O-O Nc6 10.Bf4 d6 11.Qd2 O-O 12.Rad1 Rd8 13.h3 b5 14.g4 Ne5 15.b3 Bb7 16.g5 Nfd7
17.Be3 Ng6 18.f4 Nh4 19.Bh1 Nc5 20.b4 Nd7 21.Qe1 Ng6 22.Qf2 d5 23.exd5 Bxb4
24.dxe6 fxe6 25.Bxb7 Qxb7 26.Rd3 Rf8 27.Qg2 Qxg2+ 28.Kxg2 Rac8 29.Rxd7 Bxc3
30.Rd3 Ba5 31.c3 Rc4 32.Rd6 Nh4+ 33.Kf2 e5 34.Rxa6 exf4 35.Bd4 Bc7 36.Rb1 f3
37.Nc1 Nf5 38.Nb3 Bg3+ 39.Kf1 Rxd4  0-1

[Event "CZE-chT"]
[Site "?"]
[Date "1994.??.??"]
[Round "?"]
[White "Styblo, Michal"]
[Black "Pekarek, Ales"]
[Result "1/2-1/2"]
[WhiteElo "2275"]
[BlackElo "2415"]

1.e4 c5 2.Nf3 e6 3.Nc3 a6 4.d4 cxd4 5.Nxd4 Qc7 6.g3 Nc6 7.Bg2 Nge7 8.Nb3 d6
9.O-O b5 10.Re1 Bb7 11.Bg5 Rc8 12.a3 Ne5 13.Nd2 N7c6 14.Be3 Na5 15.Bd4 Nac6
16.Be3 Na5  1/2-1/2

[Event "Dresden op"]
[Site "Dresden"]
[Date "1994.??.??"]
[Round "?"]
[White "Guliev, Logman"]
[Black "Bischoff, Klaus"]
[Result "1/2-1/2"]
[WhiteElo "2255"]
[BlackElo "2525"]

1.e4 c5 2.Nf3 e6 3.d4 cxd4 4.Nxd4 a6 5.Nc3 Qc7 6.g3 Nc6 7.Bg2 Nge7 8.Nb3 Ng6
9.O-O Rb8 10.f4 Be7 11.Be3 O-O 12.h4 f6 13.h5 Nh8 14.Qd2 Nf7 15.Rad1 b5 16.g4 Nd6
17.Qe2 Nc4 18.Bc1 Bb7 19.a4 Qb6+ 20.Kh1 Rbd8 21.h6 g6 22.axb5 axb5 23.Rf3 Ba6
24.Nd5 exd5 25.exd5 N6e5 26.fxe5 Nxe5 27.Be3 b4 28.Qf2 Qb8 29.Rf4 Bd6 30.Ba7 Qc8
31.Bc5 Bxc5 32.Nxc5 Be2 33.Re1 Bxg4 34.Rxf6 d6 35.Ne6 Bxe6 36.dxe6 Qxe6 37.Rxf8+ Rxf8
38.Qa7 Qf7 39.Qd4 Qf4 40.Bd5+ Kh8 41.Qxf4 Rxf4 42.Kg2 Rh4 43.Kg3 g5 44.Re4 b3
45.cxb3 Rxh6 46.b4 g4 47.b5 Rh3+ 48.Kg2 Rd3 49.Be6 Rd2+ 50.Kg3 Rxb2 51.Rd4 Rxb5
52.Rxd6 h5 53.Bf5 Rb3+ 54.Kf4 Nf7 55.Rg6 Rf3+ 56.Ke4 Kh7 57.Bxg4 hxg4 58.Rxg4 Rf1
59.Kd5 Kh6 60.Rg8 Re1 61.Kd4 Ng5 62.Kd5 Kh5 63.Kd6 Kg4 64.Rf8 Nh3 65.Rg8+ Kf3
66.Rf8+ Nf4 67.Rf7 Re6+ 68.Kd7 Ra6 69.Re7 Nd3 70.Kc7 Kf4 71.Re2 Ne5 72.Re1 Kf5
73.Kb7 Ra2 74.Kb6 Rb2+ 75.Kc7 Ke6 76.Rc1 Rb3 77.Rc2 Nd3 78.Rc6+ Kd5 79.Rd6+ Ke5
80.Rc6 Nf4 81.Rc1 Kd5 82.Rd1+ Nd3 83.Rd2 Rc3+ 84.Kd7 Ke4 85.Kd6 Ra3 86.Rc2 Kd4
87.Ke6 Nc5+ 88.Kf5 Rf3+ 89.Kg4 Rf8 90.Re2 Ne4 91.Ra2 Nc5 92.Ra5 Ne6 93.Ra6 Ke5
94.Ra1 Rg8+ 95.Kf3 Nd4+ 96.Kf2 Rc8 97.Ra7 Rc3 98.Rf7 Nf5 99.Rf8 Nd6 100.Ke2 Rh3
101.Rf3 Rh4 102.Rf8 Ke4 103.Kd2 Rh3 104.Rd8 Rh6 105.Kc3  1/2-1/2

[Event "Dresden U20"]
[Site "Dresden"]
[Date "1994.??.??"]
[Round "?"]
[White "Dubiel, Jacek"]
[Black "Stefanek, Piotr"]
[Result "1-0"]
[WhiteElo "2400"]
[BlackElo "2065"]

1.e4 c5 2.Nf3 e6 3.d4 cxd4 4.Nxd4 a6 5.Nc3 b5 6.Be3 d6 7.Qd2 Bb7 8.f3 Nf6
9.Be2 Be7 10.O-O O-O 11.Rfd1 Nc6 12.Bf1 Rc8 13.a4 b4 14.Nxc6 Rxc6 15.Ne2 e5
16.Qxb4 Qc7 17.Qb3 Rxc2 18.Nc3 Rxc3 19.Qxc3 Qxc3 20.bxc3 d5 21.exd5 Nxd5
22.Bf2 Rd8 23.c4 Nf6 24.Rxd8+ Bxd8 25.Rb1  1-0

[Event "Dresden op"]
[Site "Dresden"]
[Date "1994.??.??"]
[Round "?"]
[White "Kovalev, Andrei"]
[Black "Chuchelov, Vladimir"]
[Result "1-0"]
[WhiteElo "2525"]
[BlackElo "2475"]

1.e4 c5 2.Nf3 e6 3.d4 cxd4 4.Nxd4 a6 5.Nc3 d6 6.g3 Bd7 7.Bg2 Nc6 8.O-O Nf6
9.a4 Be7 10.Nb3 b6 11.f4 O-O 12.g4 Rb8 13.g5 Ne8 14.h4 f6 15.Be3 e5 16.g6 hxg6
17.f5 g5 18.Bf3 g6 19.fxg6 Kg7 20.h5 Nb4 21.Rf2 Nc7 22.Rh2 Be6 23.Bg4 Qd7
24.Bxe6 Qxe6 25.Qf3 d5 26.Qf5 Qxf5 27.exf5 Rh8 28.Rd1 d4 29.Nxd4 exd4 30.Rxd4 Rbd8
31.Rxd8 Bxd8 32.Bxb6 Kh6 33.Rd2 Ne6 34.Rd6 Bxb6+ 35.Rxb6 Ng7 36.Rxb4 Nxf5
37.Rb6 Kg7 38.Rb7+ Kh6 39.Ne4 Rf8 40.Rh7+  1-0

[Event "Elenite"]
[Site "Elenite"]
[Date "1994.??.??"]
[Round "7"]
[White "Ermenkov, Evgenij"]
[Black "Vyzmanavin, Alexey"]
[Result "0-1"]
[WhiteElo "2480"]
[BlackElo "2610"]

1.e4 c5 2.Nc3 e6 3.Nf3 a6 4.d4 cxd4 5.Nxd4 Qc7 6.g3 Nf6 7.Bg2 Be7 8.O-O O-O
9.a4 Nc6 10.Nb3 d6 11.a5 Ne5 12.Qe2 Bd7 13.f4 Ng6 14.Be3 Rfe8 15.Bb6 Qc8
16.e5 dxe5 17.fxe5 Nd5 18.Nxd5 exd5 19.Bxd5 Bf6 20.Nc5 Rxe5 21.Qd3 Rxd5 22.Qxd5 Bc6
23.Qd2 Qg4 24.Rxf6 gxf6 25.Rf1 Ne5 26.Rxf6 Nf3+ 27.Rxf3 Qxf3 28.Qg5+ Kh8
29.Ne4 Qxe4 30.Qf6+ Kg8 31.Qg5+ Qg6  0-1

[Event "Petrosian mem"]
[Site "Erevan"]
[Date "1994.??.??"]
[Round "?"]
[White "Mnatsakanian, Eduard A"]
[Black "Vasiukov, Evgeni"]
[Result "0-1"]
[WhiteElo "2390"]
[BlackElo "2505"]

1.e4 c5 2.Nf3 e6 3.d4 cxd4 4.Nxd4 a6 5.Nc3 b5 6.a3 Bb7 7.Bd3 Qb6 8.Nb3 Nc6
9.O-O Nf6 10.Kh1 Ne5 11.f4 Nc4 12.Qe2 Rc8 13.a4 Bb4 14.axb5 axb5 15.Nd1 O-O
16.c3 Be7 17.Nf2 d5 18.e5 Nd7 19.Nd4 b4 20.b3 Na3 21.cxb4 Qxd4 22.Rxa3 Qxb4
23.Ra1 Ra8 24.Bd2 Qd4 25.Rac1 Rfc8 26.Bb5 Rxc1 27.Rxc1 Nc5 28.Be3 Qb4 29.Rb1 Nxb3
30.Bd3 Ra1 31.Rxa1 Nxa1 32.h3 Nb3 33.Nd1 g6 34.Kh2 Bc5 35.Kg3 d4 36.Bf2 Nc1
37.Qc2 Qa3 38.Nb2 Nxd3 39.Nxd3 Bb6 40.Kh2 Be4 41.Qb1 Qxd3 42.Qxb6 Qf1  0-1

[Event "Eupen op act"]
[Site "Eupen"]
[Date "1994.??.??"]
[Round "5"]
[White "Ostojic, Predrag"]
[Black "Chuchelov, Vladimir"]
[Result "0-1"]
[WhiteElo "2340"]
[BlackElo "2495"]

1.e4 c5 2.Nf3 e6 3.d4 cxd4 4.Nxd4 a6 5.Nc3 Qc7 6.g3 Nf6 7.Bg2 Be7 8.O-O O-O
9.Re1 d6 10.h3 Nc6 11.Nxc6 bxc6 12.b3 d5 13.Bb2 Bb7 14.Qe2 Rfe8 15.Rad1 a5
16.exd5 exd5 17.Qd3 Bb4 18.Rxe8+ Rxe8 19.Na4 Ne4 20.Qd4 Bf8 21.c4 c5 22.Qd3 d4
23.Re1 f5 24.Bc1 Bc6 25.Nb2 Bd6 26.Qc2 Qd7 27.Nd3 Nc3 28.Rxe8+ Qxe8 29.Bxc6 Qxc6
30.Bd2 Ne2+ 31.Kf1 Qf3 32.Bf4 Bxf4 33.gxf4 Ng3+ 34.Ke1 Qh1+ 35.Kd2 Ne4+ 36.Ke2 Nc3+
37.Kd2 Qf1 38.Nxc5 Nb1+  0-1

[Event "Formia op"]
[Site "Formia"]
[Date "1994.??.??"]
[Round "3"]
[White "Zelcic, Robert"]
[Black "Martorelli, Antonio"]
[Result "1-0"]
[WhiteElo "2460"]
[BlackElo "2245"]

1.e4 c5 2.Nf3 e6 3.d4 cxd4 4.Nxd4 a6 5.Nc3 Qc7 6.Be2 b5 7.O-O Nc6 8.Nxc6 dxc6
9.Kh1 Bd6 10.Qd3 Bb7 11.f4 e5 12.Qg3 Ne7 13.f5 g6 14.f6 Nc8 15.a4 Nb6 16.Be3 Nd7
17.axb5 axb5 18.Rad1 b4 19.Nb1 Ra1 20.Bc4 c5 21.Qf3 O-O 22.Bh6 Rb8 23.Nc3 Rxd1
24.Nxd1 Nb6 25.Be2 Qc6 26.Nf2 c4 27.Qh3 Na4 28.Bg7 Bc8 29.Bg4 h5 30.Qe3  1-0

[Event "Fortaleza op"]
[Site "Fortaleza"]
[Date "1994.??.??"]
[Round "7"]
[White "Sales, Espedito"]
[Black "Giardelli, Sergio C"]
[Result "0-1"]
[WhiteElo "2040"]
[BlackElo "2475"]

1.e4 c5 2.Nf3 e6 3.Nc3 a6 4.d4 cxd4 5.Nxd4 Qc7 6.Be2 b5 7.f4 Bb7 8.Bf3 Nc6
9.Nxc6 Bxc6 10.Be3 b4 11.Ne2 Nf6 12.Qd4 Qb7 13.Ng3 Rc8 14.Qb6 Qxb6 15.Bxb6 h5
16.h4 Be7 17.Bd4 g6 18.O-O-O O-O 19.Bxf6 Bxf6 20.e5 Bxf3 21.gxf3 Bg7 22.Rxd7 Rc4
23.Ne4 Bh6 24.Kd2 Bxf4+ 25.Kd3 Rc6 26.Nf6+ Kg7 27.Ke4 Rc4+ 28.Rd4 Rfc8 29.Rd1 Bg3
30.Ne8+ Kf8 31.Nf6 Bxh4 32.Ke3 Rxd4 33.Rxd4 Bxf6 34.exf6 a5 35.Kf4 Kg8 36.Ke5 Rc5+
37.Ke4 Rf5 38.Rd8+ Kh7 39.Ra8 g5 40.c4 bxc3 41.bxc3 h4 42.Rb8 Kg6 43.c4 Kxf6
44.Rb2 Rf4+ 45.Kd3 Rxf3+ 46.Kd4 Rf4+ 47.Kc5 g4 48.Kb5 g3  0-1

[Event "FRA-chT "]
[Site "FRA"]
[Date "1994.??.??"]
[Round "7"]
[White "Lejeune, Jean Pierre"]
[Black "Catteau, Bruno"]
[Result "1/2-1/2"]
[WhiteElo "2330"]
[BlackElo "2110"]

1.e4 c5 2.Nf3 e6 3.d4 cxd4 4.Nxd4 a6 5.Nc3 Qc7 6.g3 b5 7.Bg2 Bb7 8.O-O b4
9.Na4 Nf6 10.Re1 d6 11.c3 bxc3 12.Nxc3 Be7 13.Be3 Nbd7 14.Rc1 Qb8 15.Nb3 Bd8
16.h3 O-O 17.Qe2 Bc7 18.f4 Rd8 19.g4 h6 20.h4 d5 21.e5 Ne8 22.Nd4 Nc5 23.Bf2 Bb6
24.Rcd1 Qa7 25.Nc2 Nd7 26.Na4 Bxf2+ 27.Qxf2 Qxf2+ 28.Kxf2 Rac8 29.Nd4 Nc7
30.Bf1 Na8 31.Rc1 Nab6 32.Nxb6 Nxb6 33.b3 Nd7 34.Ke3 Kf8 35.Bd3 Ke7 36.Rc2 Rxc2
37.Nxc2 g5 38.hxg5 hxg5 39.Nd4 Rh8 40.Rc1 Rh3+ 41.Kd2 gxf4 42.Rc7 Kd8 43.Rxb7 Rxd3+
44.Kxd3 Nc5+ 45.Ke2 Nxb7 46.Kf3 Nc5  1/2-1/2

[Event "Gausdal Int"]
[Site "Gausdal"]
[Date "1994.??.??"]
[Round "4"]
[White "Ciemniak, Robert"]
[Black "Brekke, Oystein"]
[Result "1-0"]
[WhiteElo "2435"]
[BlackElo "2215"]

1.e4 c5 2.Nf3 e6 3.d4 cxd4 4.Nxd4 a6 5.Nc3 Qc7 6.Bd3 Nf6 7.O-O Bb4 8.Bd2 Bc5
9.Nb3 Ba7 10.Qe2 d6 11.Kh1 O-O 12.f4 Nbd7 13.Rae1 e5 14.a4 Nc5 15.Nxc5 Qxc5
16.f5 Bd7 17.Bg5 Bc6 18.Bxf6 gxf6 19.Bc4 Kh8 20.Rf3 Rg8 21.Bxf7 Rg7 22.Bd5 Rc8
23.Be6 Rcc7 24.Qd2 Rg5 25.Rd1 h5 26.h4  1-0

[Event "Gausdal Int"]
[Site "Gausdal"]
[Date "1994.??.??"]
[Round "9"]
[White "Kristensen, Bjarke"]
[Black "Brekke, Oystein"]
[Result "1-0"]
[WhiteElo "2440"]
[BlackElo "2215"]

1.e4 c5 2.Nf3 e6 3.d4 cxd4 4.Nxd4 a6 5.Nc3 Qc7 6.g3 Nc6 7.Bg2 Nf6 8.O-O Be7
9.Kh1 Nxd4 10.Qxd4 Bc5 11.Bf4 Bxd4 12.Bxc7 Ng4 13.Nd1 O-O 14.h3 Be5 15.Bb6 Nh6
16.f4 Bb8 17.Ne3 d6 18.Rad1 Bd7 19.e5 d5 20.c4 f6 21.exf6 gxf6 22.cxd5 e5
23.d6 Ba7 24.Nd5 Bb5 25.Rfe1 Bxb6 26.Nxb6 Rad8 27.a4 Bc6 28.Bxc6 bxc6 29.d7 exf4
30.gxf4 Nf5 31.b4 Kf7 32.Rc1 Ne7 33.Rc5 Rb8 34.a5 Rg8 35.Rg1 Ke6 36.f5+ Kd6
37.Re1 Rg7 38.Rd1+ Kc7 39.Nc8 Rxc8 40.dxc8=Q+ Nxc8 41.Re1  1-0

[Event "Geneve op"]
[Site "Geneve"]
[Date "1994.??.??"]
[Round "4"]
[White "Berset, Philippe"]
[Black "Link, Michael"]
[Result "0-1"]
[WhiteElo "2235"]
[BlackElo "2290"]

1.e4 c5 2.Nf3 e6 3.Nc3 a6 4.d4 cxd4 5.Nxd4 Qc7 6.g3 Nf6 7.Bg2 Be7 8.O-O d6
9.Be3 Nc6 10.f4 O-O 11.Qe2 Bd7 12.a4 Rac8 13.Nb3 Na5 14.Rad1 Nc4 15.Bc1 b5
16.axb5 axb5 17.Kh1 b4 18.Nb1 e5 19.Qe1 Qb7 20.fxe5 dxe5 21.Rf2 Bd8 22.h3 Bc6
23.N1d2 Nd6 24.Nc5 Qa8 25.Re2 Bb5 26.Nd3 Rxc2 27.Nxe5 Re8 28.Ndc4 Rxe2 29.Qxe2 Nxc4
30.Nxc4 Bxc4 31.Qxc4  0-1

[Event "Geneve op"]
[Site "Geneve"]
[Date "1994.??.??"]
[Round "6"]
[White "Astengo, Corrado"]
[Black "Link, Michael"]
[Result "0-1"]
[WhiteElo "2165"]
[BlackElo "2290"]

1.e4 c5 2.Nf3 e6 3.d4 cxd4 4.Nxd4 a6 5.Nc3 Qc7 6.Bd3 Nf6 7.Bg5 Be7 8.f4 d6
9.Qe2 h6 10.Bxf6 Bxf6 11.Qf2 Qb6 12.Nce2 Qxb2 13.O-O O-O 14.a4 Qb6 15.c3 Nc6
16.Rfb1 Qc5 17.Nxc6 Qxc6 18.Qe3 Rd8 19.Kh1 Qc5 20.Qxc5 dxc5 21.Bc4 Ra7 22.e5 Bh4
23.Rd1 Bd7 24.f5 exf5 25.Rxd7 Rxd7 26.e6 fxe6 27.Bxe6+ Rf7 28.Nf4 Bf6 29.Nd5 Kf8
30.Bxf7 Kxf7 31.Rb1 b5 32.axb5 axb5 33.g4 fxg4 34.Rxb5 c4 35.Rc5 Ra1+ 36.Kg2 Be5
37.Rxc4 Ra2+ 38.Kg1 Bxh2+ 39.Kh1 h5 40.Ne3 Be5 41.Rc5 Kf6 42.Nc4 Re2  0-1

[Event "Oberliga Ost A9394"]
[Site "Germany"]
[Date "1994.??.??"]
[Round "?"]
[White "Niering, Martin"]
[Black "Jahn, Constanze"]
[Result "1/2-1/2"]
[WhiteElo "2240"]
[BlackElo "2235"]

1.e4 c5 2.Nf3 e6 3.d4 cxd4 4.Nxd4 a6 5.Nc3 Qc7 6.Be2 b5 7.O-O Bb7 8.Bf3 d6
9.Re1 Nd7 10.Bh5 g6 11.Bg4 e5 12.Nb3 Ngf6 13.Bf3 Bg7 14.a3 O-O 15.Bg5 h6
16.Bh4 Kh7 17.Qe2 Rac8 18.Rad1 Nb6 19.Na5 Ba8 20.Rd3 Na4 21.Nxa4 bxa4 22.Qd2 Qxc2
23.Qxc2 Rxc2 24.Bxf6 Bxf6 25.Rxd6 Be7 26.Rxa6 Bc5 27.Rf1 Rb8 28.h4 Bd4 29.b4 axb3
30.Nxb3 Rxb3 31.Bd1 Rxf2 32.Rxf2 Rb1 33.Kf1 Bxe4 34.Rd2 Bd5 35.Rd6 Bc4+ 36.Ke1 Bc3
37.h5 Bb3 38.hxg6+ fxg6 39.Rd7+ Kg8 40.Ke2 Bxd2 41.Bxb3+ Rxb3 42.Kxd2 Rxa3
43.Ke2 Ra2+ 44.Kf3 e4+ 45.Kg3 e3 46.Re7 e2 47.Kf3 Kf8 48.Rxe2 Rxe2  1/2-1/2

[Event "Oberliga Ost A9394"]
[Site "Germany"]
[Date "1994.??.??"]
[Round "?"]
[White "Pachow, Joerg"]
[Black "Jahn, Constanze"]
[Result "1-0"]
[WhiteElo "2295"]
[BlackElo "2235"]

1.e4 c5 2.Nf3 e6 3.d4 cxd4 4.Nxd4 a6 5.Nc3 Qc7 6.Be2 b5 7.O-O Bb7 8.Re1 Nc6
9.Bg5 Bc5 10.Nb3 Be7 11.Bxe7 Ncxe7 12.Bxb5 axb5 13.Nxb5 Qb6 14.Nd6+ Kf8 15.c4 Bc6
16.c5 Qb8 17.Qd2 Nf6 18.Na5 Ne8 19.b4 Nxd6 20.cxd6 Nc8 21.Nxc6 dxc6 22.Red1 Nb6
23.Rac1 Qb7 24.d7 Nd5 25.exd5 cxd5 26.Qf4 Qxd7 27.Rc7 Qe8 28.b5 h6 29.b6 Kg8
30.b7 Rd8 31.Rdc1 Kh7 32.Rxf7 Rg8 33.h4 d4 34.Rcc7 d3 35.Qe4+ Kh8 36.Qg6 Qxf7
37.Qxf7 d2 38.Rd7 d1=Q+ 39.Rxd1 Rxd1+ 40.Kh2 Rb1 41.Qc7 Rb4 42.a3 Rb2 43.a4  1-0

[Event "BL2-O9394"]
[Site "Germany"]
[Date "1994.??.??"]
[Round "?"]
[White "Blum, Gernot"]
[Black "Janoschka, Arnd"]
[Result "0-1"]
[WhiteElo "2225"]
[BlackElo "2240"]

1.e4 c5 2.Nf3 e6 3.Nc3 a6 4.d4 cxd4 5.Nxd4 d6 6.Bd3 Nf6 7.O-O b5 8.Bg5 b4
9.Nce2 h6 10.Bd2 e5 11.Nf3 d5 12.Ng3 Nc6 13.exd5 Qxd5 14.Re1 Be7 15.Qe2 Bg4
16.Bc4 Qc5 17.Ne4 Bxf3 18.gxf3 Qb6 19.Kh1 Nd4 20.Be3 O-O 21.Qd3 Qc6 22.Bxd4 exd4
23.Rg1 Kh8 24.Rg3 Nh5 25.Rag1 Nxg3+ 26.Rxg3 Rad8 27.Nd2 Bg5 28.Ne4 Bf4 29.Rg4 Bc7
30.Nd2 f5 31.Rh4 Qf6 32.Rh3 Bf4 33.b3 Rfe8 34.Nf1 Re1 35.Kg2 Qg5+ 36.Ng3 Rf8
37.Qxd4 Be5 38.Qd5 f4 39.Rh5 Qf6 40.Rf5 Qe7 41.h3 fxg3 42.Rxf8+ Qxf8 43.fxg3 Bf6
44.Bd3 Re5 45.Qc4 a5 46.Qg4 Qe8 47.h4 Bd8 48.Qc4 Bb6 49.g4 Rc5 50.Qa6 Qb8
51.Be4 Re5 52.Kh3 Qd8 53.Qb7 Bf2 54.f4 Qxh4+ 55.Kg2 Qg3+ 56.Kf1 Qg1+ 57.Ke2 Qe1+  0-1

[Event "BL2-O9394"]
[Site "Germany"]
[Date "1994.??.??"]
[Round "?"]
[White "Jansa, Vlastimil"]
[Black "Espig, Lutz"]
[Result "1-0"]
[WhiteElo "2515"]
[BlackElo "2465"]

1.e4 c5 2.Nf3 e6 3.d4 cxd4 4.Nxd4 a6 5.Nc3 Qc7 6.Bd3 Nc6 7.Nxc6 bxc6 8.O-O Nf6
9.Qe2 d5 10.b3 Be7 11.Bb2 Bb7 12.Na4 dxe4 13.Bxe4 Nxe4 14.Qxe4 c5 15.Qe3 O-O
16.Rad1 Qc6 17.Qg3 f6 18.c4 Rad8 19.f3 Bd6 20.Qh4 Qc7 21.Rde1 Rfe8 22.Bc3 Bc6
23.Nb2 Bf4 24.Re2 Re7 25.Rfe1 e5 26.Qf2 e4 27.g3 e3 28.Qf1 Bh6 29.f4 Rde8
30.Nd1 Qd8 31.Rxe3 Rxe3 32.Nxe3 g6 33.Nd5 Bg7 34.Rxe8+ Qxe8 35.Qe1 Qxe1+
36.Bxe1 Kf7 37.Bf2 Bf8 38.Kf1 Bb7 39.Ke2 Ke6 40.Nc3 Bc6 41.Nd1 Be7 42.Nb2 Be4
43.Na4 Bc6 44.Bxc5 Bxa4 45.Bxe7 Bc6 46.Bd8 Be4 47.Kd2 f5 48.Kc3 Kd7 49.Bg5 Kd6
50.Bh6 Bb1 51.a3 Be4 52.b4 Bc6 53.Bf8+ Kc7 54.Kb3 Bf3 55.b5 Be2 56.Kb4 Kb7
57.a4  1-0

[Event "BL2-O9394"]
[Site "Germany"]
[Date "1994.??.??"]
[Round "?"]
[White "Kyas, Juergen"]
[Black "Kleinschmidt, Felix"]
[Result "1-0"]
[WhiteElo "2265"]
[BlackElo "2220"]

1.e4 c5 2.Nf3 e6 3.d4 cxd4 4.Nxd4 a6 5.Nc3 Qc7 6.g3 Nc6 7.Bg2 Nf6 8.O-O Be7
9.Re1 d6 10.Nxc6 bxc6 11.Na4 e5 12.c4 Be6 13.b3 O-O 14.Bb2 Rab8 15.Qc2 Nd7
16.Rac1 Qa7 17.Ba3 Rbc8 18.Rcd1 c5 19.Nc3 Nb8 20.f4 Bg4 21.Rd3 Nc6 22.Nd5 exf4
23.gxf4 Bh4 24.Ree3 Nd4 25.Qd2 f5 26.Bb2 fxe4 27.Bxe4 Nf5 28.Bxf5 Bxf5 29.Qc3 Qf7
30.Rd2 Rce8 31.Rde2 Rxe3 32.Qxe3 Qh5 33.Kh1 Bg4 34.Rg2 Bf3 35.Qe6+ Qf7 36.Qxd6 Re8
37.Be5 Qf5 38.Qxc5  1-0

[Event "BL2-O9394"]
[Site "Germany"]
[Date "1994.??.??"]
[Round "?"]
[White "Pfretzschner, Roland"]
[Black "Janoschka, Arnd"]
[Result "1-0"]
[WhiteElo "2285"]
[BlackElo "2240"]

1.e4 c5 2.Nf3 e6 3.Nc3 a6 4.d4 cxd4 5.Nxd4 d6 6.g3 b5 7.Bg2 Bb7 8.O-O Qc7
9.Re1 Nf6 10.a4 b4 11.Nd5 exd5 12.exd5+ Kd8 13.Bg5 Qc5 14.c3 Bc8 15.cxb4 Qxb4
16.Rc1 Qb7 17.a5 Be7 18.Nc6+ Nxc6 19.dxc6 Qc7 20.Be3 Rb8 21.Bb6 Rxb6 22.axb6 Qxb6
23.c7+ Ke8 24.Qe2 Ng8 25.Bc6+ Kf8 26.Bd7 Qb7 27.Bxc8 Qxc8 28.Qxa6  1-0

[Event "BL9394 (Women)"]
[Site "Germany"]
[Date "1994.??.??"]
[Round "?"]
[White "Maskova, Jana"]
[Black "Mueller, Andrea"]
[Result "1-0"]
[WhiteElo "2220"]
[BlackElo "2100"]

1.e4 c5 2.Nf3 e6 3.d4 cxd4 4.Nxd4 a6 5.Nc3 Qc7 6.Bd3 Nc6 7.Nxc6 bxc6 8.O-O d5
9.exd5 cxd5 10.Qe2 Be7 11.Bd2 Nf6 12.Rae1 O-O 13.Nd1 Bb7 14.Bc3 Rfd8 15.Be5 Qc6
16.f4 Ne4 17.Qg4 Bf8 18.f5 exf5 19.Qxf5 Qg6 20.Qf3 Bc5+ 21.Kh1 Re8 22.Bf4 Qf6
23.c3 Re6 24.Be3 Bxe3 25.Qxe3 Qe7 26.Qh3 Re8 27.Bxe4 dxe4 28.Ne3 Bc8 29.Qg3 Rg6
30.Qf2 Rf6 31.Qe2 Rxf1+ 32.Rxf1 g6 33.Nd5 Qe5 34.Nf6+ Kg7 35.Nxe8+ Qxe8 36.Qe3 Qb5
37.Qd4+ Kh6 38.Rxf7 Qd3 39.Qg7+ Kg5 40.Qf6+ Kh5 41.Rxh7+ Kg4  1-0

[Event "BL2-S9394"]
[Site "Germany"]
[Date "1994.??.??"]
[Round "?"]
[White "Neurohr, Stephan"]
[Black "Darga, Klaus"]
[Result "1/2-1/2"]
[WhiteElo "2330"]
[BlackElo "2455"]

1.e4 c5 2.Nf3 e6 3.d4 cxd4 4.Nxd4 a6 5.Nc3 Qc7 6.Be2 Nf6 7.O-O Nc6 8.Be3 Be7
9.f4 d6 10.Qe1 O-O 11.Qg3 Bd7 12.e5 dxe5 13.fxe5 Nxe5 14.Bf4 Bd6 15.Rad1 Rad8
16.Nb3 Nd5 17.Nxd5 exd5 18.Rxd5 f6 19.Nd4 Bc6 20.Ne6 Qe7 21.Rxd6 Rxd6 22.Nxf8 Qxf8
23.Bxe5 Re6 24.Qc3 Bd5 25.Rd1 Rxe5 26.Rxd5 Rxd5 27.Bc4 Qc5+ 28.Kf1 Kf8 29.Bxd5  1/2-1/2

[Event "Bundesliga 9394"]
[Site "Germany"]
[Date "1994.??.??"]
[Round "?"]
[White "Kassebaum, Roman"]
[Black "Gabler, Bernd"]
[Result "1-0"]
[WhiteElo "2355"]
[BlackElo "2315"]

1.e4 c5 2.Nf3 e6 3.Nc3 a6 4.d4 cxd4 5.Nxd4 Qc7 6.g3 Bb4 7.Ne2 Be7 8.Bg2 Nf6
9.O-O O-O 10.b3 Nc6 11.Bb2 Rd8 12.Nf4 d6 13.Qe2 b5 14.Rad1 Bb7 15.Rfe1 Rac8
16.g4 b4 17.Ncd5 exd5 18.g5 Nd7 19.Nxd5 Qa5 20.Qh5 Nf8 21.Rd3 Re8 22.Rf3 Ng6
23.Rh3 Nf8 24.Rf3 Ng6 25.Rh3 Nf8 26.Bxg7 Kxg7 27.Qh6+ Kh8 28.Nf6 Qe5 29.Qxh7+  1-0

[Event "BL9394 (Women)"]
[Site "Germany"]
[Date "1994.??.??"]
[Round "?"]
[White "Erneste, Inguna"]
[Black "Jahn, Constanze"]
[Result "1-0"]
[WhiteElo "2300"]
[BlackElo "2235"]

1.e4 c5 2.Nf3 e6 3.d4 cxd4 4.Nxd4 a6 5.Nc3 Qc7 6.Be2 b5 7.Bf3 Bb7 8.O-O Nc6
9.Nxc6 dxc6 10.a4 Bd6 11.g3 Rd8 12.Qe2 e5 13.axb5 axb5 14.Bd2 Bc5 15.Nd1 Ne7
16.b4 Bd4 17.c3 Bb6 18.Be3 O-O 19.Nb2 Bxe3 20.Qxe3 f5 21.Rad1 fxe4 22.Bxe4 Nd5
23.Qc5 Qf7 24.c4 Nc3 25.Rxd8 Rxd8 26.Bg2 bxc4 27.Nxc4 Na4 28.Nxe5 Nxc5 29.Nxf7 Kxf7
30.bxc5 Rd2 31.Rb1 Ba8 32.Ra1 Rd8 33.Bf3 Kf6 34.Ra6 Rc8 35.Ra7 h6 36.Kg2 g6
37.Rd7 Re8 38.Rc7 Re6 39.h4 Ke5 40.Bg4 Rf6 41.Rd7 h5 42.Be2 Rf8 43.Rd6 Re8
44.f4+  1-0